Química inorgánica avanzada

Bibliographic Details
Main Authors: Cotton, F Albert, Wilkinson, Geoffrey
Format: Section = Libro
Language:Undetermined
Spanish
Published: México México 2001
Subjects:
LEADER 00487nam a2200193Ia 4500
008 240829s9999 xx 000 0 und d
020 |a 968-18-1795-8 
040 |a BIBLIOTECA-RUSB/ 546 C851 
041 |a spa 
082 |a 546 C851 
100 1 |a Cotton, F Albert  
100 1 |b  Wilkinson, Geoffrey 
245 1 0 |a Química inorgánica avanzada 
260 |a México  |b México  |c 2001 
300 |a 1670 p. :il. 
650 7 |a QUIMICA INORGANICA 
942 |c BK  |2 ddc 
991 |a TEXTO 
999 |c 2470